书目信息 |
| 题名: |
《唯物主义和经验批判主义》浅释
|
|
| 作者: | 陈仲平 注释 | |
| 分册: | ||
| 出版信息: | 福州 福建人民出版社 1982 |
|
| 页数: | 356页 | |
| 开本: | 21cm | |
| 丛书名: | ||
| 单 册: | ||
| 中图分类: | A821.2 | |
| 科图分类: | ||
| 主题词: | 列宁著作研究--单行本 | |
| 电子资源: | ||
| ISBN: | ||
| 000 | 00672nam0 2200229 45 | |
| 001 | 0182006225 | |
| 005 | 20060818175132.21 | |
| 010 | @dCNY1.30 | |
| 091 | @a2173.14 | |
| 100 | @a19950620d1982 emky0chiy0121 ea | |
| 101 | 0 | @achi |
| 102 | @aCN@b350000 | |
| 105 | @ay z 000yy | |
| 200 | 12 | @a《唯物主义和经验批判主义》浅释@A《 wei wu zhu yi he jing yan pi pan zhu yi》 qian shi@f陈仲平注释@FChen Zhong Ping Zhu Shi |
| 210 | @a福州@c福建人民出版社@d1982 | |
| 215 | @a356页@d21cm | |
| 606 | 0 | @a列宁著作研究@x单行本 |
| 690 | @aA821.2@v3 | |
| 701 | 0 | @a陈仲平@4注释 |
| 801 | 0 | @aCN@b上海图书馆@c20060818 |
| 801 | 2 | @aCN@bNLC@c20060719 |
| 905 | @dA821.2@e14@f1@b177642 | |
| 《唯物主义和经验批判主义》浅释/陈仲平注释.-福州:福建人民出版社,1982 |
| 356页;21cm |
| ISBN :CNY1.30 |
| ● |
| 相关链接 |
|
|
|
|
正题名:《唯物主义和经验批判主义》浅释
索取号:A821.2/14
 
预约/预借
| 序号 | 登录号 | 条形码 | 馆藏地/架位号 | 状态 | 备注 |
| 1 | 0177642 | 002047476 | 第一样本阅览室/ [索取号:A821.2/14] | 在馆 | |
| 2 | 0228489 | 000919643 | 第一借阅区/ [索取号:A821.2/14] | 在馆 | |
| 3 | 0424618 | 204246182 | 密集书库/ [索取号:A821.2/14] | 在馆 | |
| 4 | 0469328 | 204693288 | 密集书库/ [索取号:A821.2/14] | 在馆 |